[Event "Grand Pacific op"]
[Site "Victoria CAN"]
[Date "2008.03.21"]
[Round "1.37"]
[White "Friesen, Yascha"]
[Black "Tyler, Ron"]
[Result "1-0"]
[WhiteElo "1739"]
[BlackElo "1273"]
[PlyCount "78"]
[GameId "2160767910412869"]
[EventDate "2008.03.21"]
[EventType "swiss"]
[EventRounds "6"]
[EventCountry "CAN"]

1. e4 c5 2. Nf3 Nc6 3. d4 cxd4 4. Nxd4 a6 5. Nc3 e6 6. g3 Bb4 7. Bg2 Nge7 8. O-O O-O 9. Be3 Ne5 10. Nde2 b5 11. a3 Ba5 12. Bc5 Bb6 13. Qd6 Bxc5 14. Qxc5 N5c6 15. Rad1 Ra7 16. Nd4 Rc7 17. e5 Bb7 18. Ne4 Nxd4 19. Qxd4 Nf5 20. Qd3 Qa8 21. Rfe1 Rd8 22. f3 Bd5 23. b3 Rdc8 24. Rd2 Qc6 25. g4 Bxe4 26. Rxe4 Ne7 27. Rd4 Rd8 28. f4 Qc5 29. b4 Qa7 30. Kh1 g6 31. Be4 Nd5 32. Bxd5 exd5 33. Rxd5 Kf8 34. f5 Qb7 35. fxg6 hxg6 36. Kg1 Qb6+ 37. Kf1 Ke7 38. Rd6 Qb7 39. Kg1 Qa7+ 1-0

[Event "Grand Pacific op"]
[Site "Victoria CAN"]
[Date "2008.03.21"]
[Round "1.38"]
[White "Parker, Mark"]
[Black "Jones, Cliff"]
[Result "0-1"]
[WhiteElo "1315"]
[BlackElo "1715"]
[PlyCount "50"]
[GameId "2160767910412870"]
[EventDate "2008.03.21"]
[EventType "swiss"]
[EventRounds "6"]
[EventCountry "CAN"]

1. e4 d5 2. e5 g6 3. d4 c6 4. Bf4 h5 5. e6 Bxe6 6. c4 Bg7 7. c5 Nh6 8. h3 Nd7 9. a4 Qa5+ 10. Nd2 Bxd4 11. Qc2 Bf5 12. Qb3 Nxc5 13. Ngf3 Nxb3 14. Rd1 Bxb2 15. Be2 Nxd2 16. Rxd2 Bc3 17. O-O Bxd2 18. Bxd2 Qc7 19. g3 f6 20. h4 e5 21. Kg2 Be4 22. a5 Bxf3+ 23. Kxf3 e4+ 24. Kg2 O-O-O 25. g4 Nxg4 0-1

[Event "Grand Pacific op"]
[Site "Victoria CAN"]
[Date "2008.03.21"]
[Round "1.39"]
[White "Tom, Foster"]
[Black "Evans, David"]
[Result "1-0"]
[WhiteElo "1700"]
[BlackElo "1165"]
[PlyCount "47"]
[GameId "2160767910412871"]
[EventDate "2008.03.21"]
[EventType "swiss"]
[EventRounds "6"]
[EventCountry "CAN"]

1. d4 Nc6 2. e4 e6 3. c4 d5 4. exd5 Bb4+ 5. Nc3 Bxc3+ 6. bxc3 exd5 7. Nf3 Bg4 8. cxd5 Nce7 9. c4 c6 10. dxc6 bxc6 11. Be2 Bxf3 12. Bxf3 Nf6 13. O-O O-O 14. Ba3 Re8 15. Bxe7 Rxe7 16. Bxc6 Nd7 17. Bxa8 Qxa8 18. Re1 Rxe1+ 19. Qxe1 Nf6 20. Qe5 Ng4 21. Qf4 h5 22. Rb1 Kh7 23. f3 Nf6 24. d5 1-0

[Event "Grand Pacific op"]
[Site "Victoria CAN"]
[Date "2008.03.21"]
[Round "1.40"]
[White "Chiu, Kenneth"]
[Black "Raymer, Elliot"]
[Result "0-1"]
[WhiteElo "871"]
[BlackElo "1773"]
[PlyCount "50"]
[GameId "2160767910412872"]
[EventDate "2008.03.21"]
[EventType "swiss"]
[EventRounds "6"]
[EventCountry "CAN"]

1. e4 e5 2. Nf3 Nc6 3. Nc3 Nf6 4. a3 h6 5. d3 Bc5 6. Qd2 d6 7. b4 Bb6 8. d4 Nxd4 9. Nxd4 Bxd4 10. Nb5 Bxa1 11. c3 a6 12. Nxc7+ Qxc7 13. Be2 Bxc3 14. O-O Bxd2 15. Bxd2 Qc2 16. Rd1 Nxe4 17. Bc1 Qxe2 18. Rf1 Be6 19. f3 Bc4 20. h4 Qxf1+ 21. Kh2 Nf2 22. Be3 Qh1+ 23. Kg3 Bf1 24. h5 Qxg2+ 25. Kh4 Qh3# 0-1

[Event "Grand Pacific op"]
[Site "Victoria CAN"]
[Date "2008.03.21"]
[Round "1.40"]
[White "Joe, Jacky"]
[Black "Boyle, Phillip"]
[Result "0-1"]
[WhiteElo "791"]
[BlackElo "1696"]
[PlyCount "100"]
[GameId "2160767910412873"]
[EventDate "2008.03.21"]
[EventType "swiss"]
[EventRounds "6"]
[EventCountry "CAN"]

1. e4 e5 2. Nf3 Nc6 3. Nc3 Nf6 4. Nxe5 Nxe5 5. f4 Nc6 6. e5 Ng8 7. Nb5 a6 8. c4 axb5 9. cxb5 Nd4 10. g3 d5 11. b6 cxb6 12. Bg2 Be6 13. d3 Qc7 14. Be3 Nc2+ 15. Kf2 Nxa1 16. Qxa1 Bc5 17. d4 Be7 18. Rc1 Qd8 19. Bf1 Rc8 20. Bb5+ Bd7 21. Bxd7+ Qxd7 22. Rxc8+ Qxc8 23. Qc1 Qxc1 24. Bxc1 Nh6 25. g4 Nxg4+ 26. Kg3 Nh6 27. h4 Nf5+ 28. Kg4 Nxd4 29. a4 h5+ 30. Kg3 Ne2+ 31. Kf2 Nxc1 32. b4 Nd3+ 33. Ke3 Nxb4 34. f5 Bxh4 35. e6 fxe6 36. fxe6 O-O 37. Kd4 Bf6+ 38. Ke3 Re8 39. Kf4 Rxe6 40. Kf5 Re5+ 41. Kf4 g5+ 42. Kf3 g4+ 43. Kg3 Re3+ 44. Kf2 Rf3+ 45. Kg2 h4 46. a5 h3+ 47. Kh2 Be5+ 48. Kg1 Bd4+ 49. Kh1 g3 50. axb6 Rf1# 0-1

[Event "Grand Pacific op"]
[Site "Victoria CAN"]
[Date "2008.03.21"]
[Round "1.48"]
[White "Moore, Harry"]
[Black "Cletheroe, Kelvin"]
[Result "1-0"]
[WhiteElo "2288"]
[BlackElo "1645"]
[PlyCount "51"]
[GameId "2160767910412874"]
[EventDate "2008.03.21"]
[EventType "swiss"]
[EventRounds "6"]
[EventCountry "CAN"]

1. e4 c6 2. Nc3 d5 3. Nf3 Bg4 4. Qe2 d4 5. Nb1 e5 6. c3 Bxf3 7. Qxf3 c5 8. Bb5+ Nc6 9. Qg3 Qd6 10. Na3 f6 11. Nc4 Qc7 12. O-O Nge7 13. b4 Ng6 14. bxc5 Bxc5 15. cxd4 Bxd4 16. Ba3 a6 17. Nd6+ Kd8 18. Bxc6 bxc6 19. Rab1 c5 20. Nb7+ Ke8 21. Qb3 Ne7 22. Qe6 Rf8 23. Nd6+ Kd8 24. Rb7 Ng6 25. Rxc7 Kxc7 26. Nf7 1-0

[Event "Grand Pacific op"]
[Site "Victoria CAN"]
[Date "2008.03.21"]
[Round "1.62"]
[White "Leblanc, Paul"]
[Black "Jensen, Jacob"]
[Result "1-0"]
[WhiteElo "1947"]
[BlackElo "1370"]
[PlyCount "57"]
[GameId "2160767910412875"]
[EventDate "2008.03.21"]
[EventType "swiss"]
[EventRounds "6"]
[EventCountry "CAN"]

1. d4 Nf6 2. Bg5 e6 3. Nf3 b6 4. e3 Bb7 5. c4 Bb4+ 6. Nbd2 d6 7. Qa4+ Nc6 8. d5 Bxd2+ 9. Nxd2 Qd7 10. dxc6 Bxc6 11. Qc2 Ng4 12. Be2 Ne5 13. O-O h6 14. Bf4 g5 15. Bxe5 dxe5 16. Bf3 Bxf3 17. Nxf3 O-O-O 18. Nxe5 Qe8 19. Qe4 c5 20. Qa8+ Kc7 21. Qxa7+ Kd6 22. Nxf7+ Kc6 23. Nxd8+ Qxd8 24. Rad1 Qc8 25. Rd2 Rd8 26. Rfd1 Rxd2 27. Rxd2 e5 28. Qe7 Qf5 29. Rd6# 1-0

[Event "Grand Pacific op"]
[Site "Victoria CAN"]
[Date "2008.03.22"]
[Round "2"]
[White "Bowles, Malcolm"]
[Black "Chiu, Kenneth"]
[Result "1-0"]
[WhiteElo "1423"]
[BlackElo "871"]
[PlyCount "39"]
[GameId "2160767910412876"]
[EventDate "2008.03.21"]
[EventType "swiss"]
[EventRounds "6"]
[EventCountry "CAN"]

1. d4 d5 2. Nf3 Nf6 3. Nbd2 e6 4. e3 a6 5. c4 c6 6. Bd3 Bd6 7. O-O O-O 8. b3 h6 9. Bb2 b6 10. e4 Nbd7 11. e5 Bb4 12. exf6 Nxf6 13. Ne5 Qc7 14. a3 Bxd2 15. Qxd2 h5 16. Qg5 Bd7 17. Rfe1 c5 18. dxc5 dxc4 19. Nxd7 Ng4 20. Qxg7# 1-0

[Event "Grand Pacific op"]
[Site "Victoria CAN"]
[Date "2008.03.22"]
[Round "2"]
[White "Chan, James"]
[Black "Rustand, Branden"]
[Result "1-0"]
[WhiteElo "2102"]
[BlackElo "1283"]
[PlyCount "39"]
[GameId "2160767910412878"]
[EventDate "2008.03.21"]
[EventType "swiss"]
[EventRounds "6"]
[EventCountry "CAN"]

1. e4 c6 2. d4 d5 3. e5 Bf5 4. Nc3 e6 5. g4 Bg6 6. Nge2 h6 7. Nf4 Bh7 8. Be3 Nd7 9. Bg2 Qc7 10. O-O c5 11. Qe2 a6 12. Rad1 b5 13. Ncxd5 exd5 14. Nxd5 Qb8 15. e6 fxe6 16. Bf4 e5 17. dxe5 Ra7 18. e6 Qd8 19. exd7+ Kf7 20. Nc7 1-0

[Event "Grand Pacific op"]
[Site "Victoria CAN"]
[Date "2008.03.22"]
[Round "2"]
[White "Churchill, Sam"]
[Black "Harper, Dave"]
[Result "1-0"]
[WhiteElo "1672"]
[BlackElo "1184"]
[PlyCount "23"]
[GameId "2160767910412879"]
[EventDate "2008.03.21"]
[EventType "swiss"]
[EventRounds "6"]
[EventCountry "CAN"]

1. e4 e5 2. d4 exd4 3. Nf3 Nc6 4. Bc4 h6 5. O-O Bc5 6. c3 Qf6 7. e5 Nxe5 8. Nxe5 Ne7 9. Nxf7 Rg8 10. Qh5 Kf8 11. Qxc5 d6 12. Qxc7 1-0

[Event "Grand Pacific op"]
[Site "Victoria CAN"]
[Date "2008.03.22"]
[Round "2"]
[White "Cletheroe, Kelvin"]
[Black "Herringer, Greg"]
[Result "1-0"]
[WhiteElo "1645"]
[BlackElo "1155"]
[PlyCount "99"]
[GameId "2160767910412880"]
[EventDate "2008.03.21"]
[EventType "swiss"]
[EventRounds "6"]
[EventCountry "CAN"]

1. Nc3 e6 2. e4 g6 3. d4 Bg7 4. Nf3 d6 5. Bc4 Qe7 6. O-O Bd7 7. Nb5 Bxb5 8. Bxb5+ c6 9. Ba4 h6 10. d5 e5 11. Ne1 Nf6 12. Qe2 O-O 13. c4 Na6 14. Nd3 Rab8 15. dxc6 bxc6 16. Bxc6 Rbc8 17. Bd5 Nc7 18. f3 a5 19. b4 Ncxd5 20. cxd5 axb4 21. Nxb4 Qa7+ 22. Be3 Qd7 23. a4 Ra8 24. Nc6 Qb7 25. Rfb1 Qa6 26. Qd2 Nd7 27. Bxh6 Nc5 28. a5 Qd3 29. Qxd3 Nxd3 30. Be3 Nf4 31. a6 Ne2+ 32. Kf2 Nc3 33. Rb3 Nd1+ 34. Rxd1 Rxa6 35. Rdb1 Kh7 36. Rb6 Ra2+ 37. R1b2 Rxb2+ 38. Rxb2 Ra8 39. Bg5 f6 40. Be3 Ra4 41. Rb4 Ra2+ 42. Kg3 f5 43. exf5 gxf5 44. Bg5 Ra3 45. Be7 e4 46. Bxd6 e3 47. Rh4+ Bh6 48. Bxa3 f4+ 49. Kg4 e2 50. Bb4 1-0

[Event "Grand Pacific op"]
[Site "Victoria CAN"]
[Date "2008.03.22"]
[Round "2"]
[White "Datcu-Romano, Alex"]
[Black "Polonsky, Boris"]
[Result "0-1"]
[WhiteElo "1046"]
[BlackElo "1434"]
[PlyCount "88"]
[GameId "2160767910412881"]
[EventDate "2008.03.21"]
[EventType "swiss"]
[EventRounds "6"]
[EventCountry "CAN"]

1. e4 g6 2. d4 Bg7 3. Nf3 e6 4. Nc3 Ne7 5. Bd3 O-O 6. O-O d6 7. e5 Nbc6 8. exd6 cxd6 9. Be3 d5 10. Qd2 Re8 11. Bh6 Bh8 12. Bb5 a6 13. Bxc6 Nxc6 14. Ng5 Nxd4 15. Qf4 Nf5 16. g4 Nxh6 17. h4 f6 18. Nxe6 Bxe6 19. Qxh6 Bxg4 20. Qf4 f5 21. Rae1 Bxc3 22. Rxe8+ Qxe8 23. bxc3 Qc6 24. Rd1 Bxd1 25. Qd2 Bh5 26. f4 Re8 27. a4 Qc5+ 28. Qd4 Qxd4+ 29. cxd4 Re4 30. a5 Rxd4 31. c3 Rxf4 32. Kg2 Rxh4 33. Kg3 Rc4 34. Kh3 Rxc3+ 35. Kh4 Rc5 36. Kg5 d4 37. Kh6 d3 38. Kg5 d2 39. Kh6 d1=Q 40. Kg5 Qg4+ 41. Kf6 Rc6+ 42. Ke7 Qe4+ 43. Kd7 Qd5+ 44. Ke7 Re6# 0-1

[Event "Grand Pacific op"]
[Site "Victoria CAN"]
[Date "2008.03.22"]
[Round "2"]
[White "Day, Lawrence"]
[Black "Cheng, Jack"]
[Result "0-1"]
[WhiteElo "2265"]
[BlackElo "1847"]
[PlyCount "76"]
[GameId "2160767910412882"]
[EventDate "2008.03.21"]
[EventType "swiss"]
[EventRounds "6"]
[EventCountry "CAN"]
[SourceTitle "EXT 2011"]
[Source "ChessBase"]
[SourceDate "2011.11.26"]
[SourceVersion "1"]
[SourceVersionDate "2011.11.26"]
[SourceQuality "1"]

1. e4 e5 2. Bc4 Nf6 3. d3 Nc6 4. Nc3 Na5 5. Nge2 Nxc4 6. dxc4 Be7 7. Qd3 d6 8. b3 O-O 9. Bb2 a6 10. a4 Bd7 11. Ng3 Re8 12. O-O Bf8 13. f4 Bc6 14. Kh1 Nd7 15. f5 Qh4 16. a5 Nf6 17. Qf3 Be7 18. h3 h6 19. Nd5 Bxd5 20. exd5 Nh7 21. c5 Ng5 22. Qe3 Nxh3 23. gxh3 Qxh3+ 24. Kg1 Bh4 25. Ra4 Bxg3 26. Qe2 Bf4 27. Re4 Qg3+ 28. Kh1 Qh3+ 29. Kg1 Red8 30. cxd6 cxd6 31. Rf3 Qxf5 32. Rb4 Qg5+ 33. Kf1 Rab8 34. Rb6 h5 35. Ba3 Qg6 36. Rc3 Qf6 37. Ke1 Qh4+ 38. Qf2 Bd2+ 0-1

[Event "Grand Pacific op"]
[Site "Victoria CAN"]
[Date "2008.03.22"]
[Round "2"]
[White "Evans, David"]
[Black "Hui, Jeremy"]
[Result "0-1"]
[WhiteElo "1165"]
[BlackElo "1318"]
[PlyCount "72"]
[GameId "2160767910412883"]
[EventDate "2008.03.21"]
[EventType "swiss"]
[EventRounds "6"]
[EventCountry "CAN"]

1. e4 e5 2. Nf3 Nc6 3. Nc3 Nf6 4. Be2 Be7 5. O-O O-O 6. b3 d6 7. Bb2 Bg4 8. h3 Bh5 9. Re1 Re8 10. d4 Bf8 11. Bb5 exd4 12. Bxc6 dxc3 13. Bxe8 cxb2 14. Bxf7+ Bxf7 15. Rb1 Bg6 16. Nd2 Qd7 17. Rxb2 Re8 18. f3 d5 19. e5 Nh5 20. Nb1 Ng3 21. b4 c5 22. a3 c4 23. c3 Bd3 24. Kh2 Nh5 25. Rf2 Rxe5 26. f4 Rxe1 27. Qxe1 Qe7 28. Qd1 Qd6 29. Qxh5 Bxb1 30. g3 Be4 31. f5 d4 32. Rf4 dxc3 33. Rxe4 c2 34. Re1 Qd2+ 35. Qe2 Qxe2+ 36. Rxe2 c1=Q 0-1

[Event "Grand Pacific op"]
[Site "Victoria CAN"]
[Date "2008.03.22"]
[Round "2"]
[White "Harris, Philip"]
[Black "Patterson, Roger"]
[Result "0-1"]
[WhiteElo "1868"]
[BlackElo "2254"]
[PlyCount "84"]
[GameId "2160767910412884"]
[EventDate "2008.03.21"]
[EventType "swiss"]
[EventRounds "6"]
[EventCountry "CAN"]

1. e4 c5 2. Nf3 d6 3. Bb5+ Bd7 4. Bxd7+ Qxd7 5. O-O Nc6 6. c3 Nf6 7. d4 Nxe4 8. d5 Nd8 9. Re1 Nf6 10. Bg5 e6 11. c4 Be7 12. Nc3 e5 13. Qd3 O-O 14. Rab1 Ne8 15. b4 cxb4 16. Rxb4 b6 17. Bxe7 Qxe7 18. Nd4 Qd7 19. Nc6 Nxc6 20. dxc6 Qxc6 21. Nd5 Qd7 22. f4 f6 23. Nxb6 Qc6 24. Nd5 Rf7 25. Reb1 Rc8 26. Rb8 f5 27. Rxc8 Qxc8 28. fxe5 dxe5 29. Rc1 Qc5+ 30. Kh1 Nd6 31. Qc3 Ne4 32. Qe3 Qxe3 33. Nxe3 f4 34. Nd5 Nc5 35. Kg1 Rb7 36. Rc2 g5 37. Kf2 Kf7 38. Kf3 e4+ 39. Ke2 Ke6 40. Rd2 Ke5 41. Nc3 Rd7 42. Rb2 Kd4 0-1

[Event "Grand Pacific op"]
[Site "Victoria CAN"]
[Date "2008.03.22"]
[Round "2"]
[White "Jensen, Jacob"]
[Black "Joe, Jacky"]
[Result "1-0"]
[WhiteElo "1370"]
[BlackElo "791"]
[PlyCount "59"]
[GameId "2160767910412885"]
[EventDate "2008.03.21"]
[EventType "swiss"]
[EventRounds "6"]
[EventCountry "CAN"]

1. c4 e5 2. Nc3 Nc6 3. g3 Nf6 4. Bg2 Na5 5. Nf3 d6 6. d3 Nd7 7. O-O Nb6 8. a3 Bd7 9. b4 Ba4 10. Nxa4 Nxa4 11. Qxa4+ c6 12. bxa5 Be7 13. Be3 O-O 14. Rab1 Rb8 15. Bxa7 Rc8 16. Rxb7 c5 17. Bb6 Qe8 18. Qxe8 Rfxe8 19. a6 Ra8 20. a7 Rec8 21. Rxe7 Rf8 22. Nxe5 dxe5 23. Bxa8 Rxa8 24. Rb7 Re8 25. Rb8 Kf8 26. a8=Q g6 27. Rxe8+ Kg7 28. Rg8+ Kf6 29. Bd8+ Kf5 30. Qc8# 1-0

[Event "Grand Pacific op"]
[Site "Victoria CAN"]
[Date "2008.03.22"]
[Round "2"]
[White "Jung-Doknjas, Victoria"]
[Black "Lam, Karen"]
[Result "1-0"]
[WhiteElo "1450"]
[BlackElo "921"]
[PlyCount "73"]
[GameId "2160767910412886"]
[EventDate "2008.03.21"]
[EventType "swiss"]
[EventRounds "6"]
[EventCountry "CAN"]

1. e4 e5 2. Nf3 Nc6 3. Bb5 Bc5 4. d3 Nf6 5. Bg5 O-O 6. O-O d6 7. h3 h6 8. Bh4 a6 9. Bc4 Nd4 10. c3 Nxf3+ 11. Qxf3 Bd7 12. Nd2 c6 13. b4 Bb6 14. Rfe1 a5 15. Nf1 Re8 16. Ng3 Be6 17. Nh5 Bxc4 18. Nxf6+ gxf6 19. Bxf6 Qxf6 20. Qxf6 Re6 21. Qh4 Bxd3 22. Qg3+ Kf8 23. Qxd3 Rf6 24. Rf1 axb4 25. cxb4 Bd4 26. Rac1 Rxa2 27. Rc2 Rxc2 28. Qxc2 c5 29. bxc5 dxc5 30. Qb3 b6 31. Qd5 b5 32. Qd8+ Kg7 33. g3 Rf3 34. Qd7 Rxg3+ 35. Kh2 Rb3 36. Rg1+ Kf6 37. Qd6# 1-0

[Event "Grand Pacific op"]
[Site "Victoria CAN"]
[Date "2008.03.22"]
[Round "2"]
[White "Karavai, Algerd"]
[Black "St Louis, Peter"]
[Result "0-1"]
[WhiteElo "1140"]
[BlackElo "1654"]
[PlyCount "36"]
[GameId "2160767910412887"]
[EventDate "2008.03.21"]
[EventType "swiss"]
[EventRounds "6"]
[EventCountry "CAN"]
[SourceTitle "EXT 2011"]
[Source "ChessBase"]
[SourceDate "2011.11.26"]
[SourceVersion "1"]
[SourceVersionDate "2011.11.26"]
[SourceQuality "1"]

1. e4 e5 2. Nf3 Nf6 3. Nxe5 Qe7 4. d4 d6 5. Nf3 Qxe4+ 6. Qe2 Be7 7. Qxe4 Nxe4 8. Bd3 Nf6 9. O-O O-O 10. Re1 Re8 11. Bg5 Bd7 12. Bxf6 Bxf6 13. Rxe8+ Bxe8 14. Nbd2 Nc6 15. d5 Nb4 16. Be4 Bxb2 17. Rd1 Ba4 18. Ne1 Re8 0-1

[Event "Grand Pacific op"]
[Site "Victoria CAN"]
[Date "2008.03.22"]
[Round "2"]
[White "Lam, Kenneth"]
[Black "Parker, Dylan"]
[Result "0-1"]
[WhiteElo "880"]
[BlackElo "1440"]
[PlyCount "81"]
[GameId "2160767910412888"]
[EventDate "2008.03.21"]
[EventType "swiss"]
[EventRounds "6"]
[EventCountry "CAN"]

1. e4 e5 2. Nf3 Nc6 3. g3 Nf6 4. Bg2 Bc5 5. O-O d6 6. Nc3 Bg4 7. d3 h6 8. Nd5 Nxd5 9. exd5 Nd4 10. c3 Nf5 11. b4 Bb6 12. a4 a6 13. a5 Ba7 14. Bb2 Qd7 15. Qa4 Ne7 16. d4 Qxa4 17. Rxa4 exd4 18. cxd4 Nxd5 19. Re1+ Kd7 20. Nd2 Nf6 21. Bxb7 Rae8 22. Rf1 Re2 23. Nc4 Bh3 24. Bg2 Be6 25. Nb6+ cxb6 26. axb6 Bxb6 27. Rxa6 Rxb2 28. Rxb6 Rc8 29. Rb7+ Rc7 30. Rc1 Rxb7 31. Bc6+ Kc7 32. d5 Bh3 33. Bb5+ Kb6 34. Bf1 Bxf1 35. Kxf1 Rc7 36. Rc6+ Rxc6 37. dxc6 Kxc6 38. f4 Rxb4 39. h4 Kd5 40. Ke1 Ke4 41. Kf2 0-1

[Event "Grand Pacific op"]
[Site "Victoria CAN"]
[Date "2008.03.22"]
[Round "2"]
[White "Li, Changhe"]
[Black "Renaud, Joshua"]
[Result "1/2-1/2"]
[WhiteElo "1932"]
[BlackElo "1452"]
[PlyCount "92"]
[GameId "2160767910412889"]
[EventDate "2008.03.21"]
[EventType "swiss"]
[EventRounds "6"]
[EventCountry "CAN"]

1. e4 e6 2. d4 d5 3. Nc3 Nf6 4. Bg5 Be7 5. e5 Nfd7 6. Bxe7 Qxe7 7. f4 a6 8. Nf3 c5 9. Bd3 Nc6 10. dxc5 Qxc5 11. Qe2 Qb4 12. Qd2 Qxb2 13. O-O Qb6+ 14. Kh1 Qc7 15. Qe1 b5 16. Qg3 g6 17. Ng5 Ne7 18. Ne2 Nc5 19. Nd4 Bd7 20. Rae1 h6 21. Qh4 Nxd3 22. cxd3 Qb6 23. Nxf7 Kxf7 24. Qf6+ Kg8 25. f5 Rf8 26. Qxe7 Rh7 27. Qh4 g5 28. Qf2 exf5 29. e6 Bc8 30. Nxf5 Qxf2 31. Rxf2 Re8 32. Rfe2 Rc7 33. h3 Kh7 34. Nd6 Ree7 35. Re5 Kg6 36. g4 Rc6 37. Nxc8 Rxc8 38. Rxd5 Rc6 39. Rde5 Kf6 40. Rf5+ Kg6 41. Rfe5 Kf6 42. d4 Rcxe6 43. Rf1+ Kg6 44. Ref5 Rd6 45. d5 Red7 46. Rd1 a5 1/2-1/2

[Event "Grand Pacific op"]
[Site "Victoria CAN"]
[Date "2008.03.22"]
[Round "2"]
[White "Lo, Ryan"]
[Black "Polonsky, Boris"]
[Result "0-1"]
[WhiteElo "984"]
[BlackElo "1434"]
[PlyCount "68"]
[GameId "2160767910412890"]
[EventDate "2008.03.21"]
[EventType "swiss"]
[EventRounds "6"]
[EventCountry "CAN"]

1. e4 g6 2. d4 Bg7 3. c3 e6 4. Be3 Ne7 5. Bd3 Nbc6 6. Nf3 O-O 7. Qd2 Re8 8. Na3 a6 9. h4 d5 10. e5 f6 11. Bh6 Bh8 12. exf6 Bxf6 13. g4 e5 14. Bc2 Bxg4 15. Nh2 Bh5 16. Nf1 exd4 17. Ng3 dxc3 18. bxc3 Nf5+ 19. Kf1 Nxg3+ 20. fxg3 Re2 21. Qf4 Be5 22. Qg5 Qxg5 23. Bxg5 Rf8+ 24. Kg1 Bxg3 25. Rh3 Bf2+ 26. Kh2 Bxh4+ 27. Kg1 Bxg5 28. Rf1 Be3+ 29. Rxe3 Rxe3 30. Bb3 Rxf1+ 31. Kxf1 Rxc3 32. Bxd5+ Kg7 33. Bb3 Nd4 34. Nb1 Rc1+ 0-1

[Event "Grand Pacific op"]
[Site "Victoria CAN"]
[Date "2008.03.22"]
[Round "2"]
[White "Lo, Ryan"]
[Black "Zhao, Donovan"]
[Result "0-1"]
[WhiteElo "984"]
[BlackElo "1520"]
[PlyCount "122"]
[GameId "2160767910412891"]
[EventDate "2008.03.21"]
[EventType "swiss"]
[EventRounds "6"]
[EventCountry "CAN"]

1. e4 d6 2. d4 Nf6 3. f3 g6 4. b3 Bg7 5. Bb2 O-O 6. Bd3 Nc6 7. Ne2 e5 8. c4 Nd7 9. Bc2 f5 10. Nd2 Nb6 11. d5 Ne7 12. Ng3 a5 13. Qe2 a4 14. h4 f4 15. Ngf1 Qe8 16. g3 Bd7 17. b4 Bh6 18. g4 Bg7 19. h5 g5 20. a3 Rc8 21. Qd3 c5 22. dxc6 Rxc6 23. b5 Rc8 24. Qxd6 Nxc4 25. Nxc4 Rxc4 26. Bd3 Nc8 27. Qd5+ Be6 28. Qxb7 Rf7 29. Qa6 Ra7 30. Bxc4 Rxa6 31. bxa6 Bxc4 32. Rd1 Bxa6 33. Rh2 Ne7 34. Rhd2 Qb5 35. Rf2 Qb3 36. Rd7 Kf7 37. Rd6 Bc4 38. Rd7 Ke6 39. Rdd2 Nc6 40. Rc2 Nd4 41. Bxd4 exd4 42. Ra2 Qxa2 43. Rxa2 Bxa2 44. Kd2 Bc4 45. Ke1 Bxf1 46. Kxf1 Bf8 47. Ke2 Bxa3 48. Kd3 Bb2 49. h6 a3 50. Kc2 d3+ 51. Kb1 d2 52. Ka2 d1=Q 53. e5 Qd5+ 54. Kb1 Qxf3 55. Ka2 Qg3 56. Kb1 Bc1 57. Kxc1 Qc3+ 58. Kd1 a2 59. Ke2 a1=Q 60. Kf2 Qae1+ 61. Kg2 Qcg3# 0-1

[Event "Grand Pacific op"]
[Site "Victoria CAN"]
[Date "2008.03.22"]
[Round "2"]
[White "McLaren, Brian"]
[Black "Botez, Alexandra"]
[Result "1-0"]
[WhiteElo "2222"]
[BlackElo "1841"]
[PlyCount "99"]
[GameId "2160767910412892"]
[EventDate "2008.03.21"]
[EventType "swiss"]
[EventRounds "6"]
[EventCountry "CAN"]
[SourceTitle "EXT 2011"]
[Source "ChessBase"]
[SourceDate "2011.11.26"]
[SourceVersion "1"]
[SourceVersionDate "2011.11.26"]
[SourceQuality "1"]

1. g3 f5 2. d4 g6 3. Bg2 Nf6 4. Nd2 Bg7 5. e4 fxe4 6. Nxe4 Nxe4 7. Bxe4 d5 8. Bg2 Nc6 9. c3 Bf5 10. Qb3 Na5 11. Qxd5 Qxd5 12. Bxd5 c6 13. Bg2 Nc4 14. Ne2 O-O 15. O-O e5 16. d5 c5 17. b3 Nb6 18. Be3 Nd7 19. c4 Bd3 20. Rfe1 e4 21. Rad1 b6 22. Nf4 Bc2 23. Rc1 Bd3 24. Nxd3 exd3 25. Red1 Rad8 26. Bh3 Ne5 27. Be6+ Kh8 28. Kg2 Rf3 29. Bf4 Rf8 30. Rd2 h6 31. Re1 R3xf4 32. gxf4 Rxf4 33. Re3 Bf6 34. Kg3 g5 35. Bh3 h5 36. Be6 Kg7 37. f3 h4+ 38. Kg2 Kf8 39. d6 Ke8 40. h3 Rd4 41. d7+ Kd8 42. Bf5 g4 43. fxg4 Kc7 44. Rd1 d2 45. Re2 Nd3 46. Bxd3 Rxd3 47. Rexd2 Rg3+ 48. Kh2 Bd4 49. Rxd4 cxd4 50. Rxd4 1-0

[Event "Grand Pacific op"]
[Site "Victoria CAN"]
[Date "2008.03.22"]
[Round "2"]
[White "Milne, Arthur"]
[Black "Cheng, Bindi"]
[Result "0-1"]
[WhiteElo "1914"]
[BlackElo "2352"]
[PlyCount "38"]
[GameId "2160767910412893"]
[EventDate "2008.03.21"]
[EventType "swiss"]
[EventRounds "6"]
[EventCountry "CAN"]
[SourceTitle "EXT 2011"]
[Source "ChessBase"]
[SourceDate "2011.11.26"]
[SourceVersion "1"]
[SourceVersionDate "2011.11.26"]
[SourceQuality "1"]

1. c4 c6 2. b3 d5 3. Bb2 Nf6 4. Nf3 Bf5 5. d3 a5 6. g3 a4 7. Bg2 h6 8. O-O e6 9. Na3 Nbd7 10. Qd2 Qb6 11. Qc2 Bb4 12. bxa4 Qa5 13. Rfb1 O-O 14. Qb3 Nc5 15. Qd1 Nxa4 16. Bxf6 gxf6 17. Qb3 Bc3 18. Qxb7 Bxa1 19. Rxa1 Nc5 0-1

[Event "Grand Pacific op"]
[Site "Victoria CAN"]
[Date "2008.03.22"]
[Round "2"]
[White "Monahan, Darby"]
[Black "Wong, Justin"]
[Result "1-0"]
[WhiteElo "1770"]
[BlackElo "1080"]
[PlyCount "113"]
[GameId "2160767910412894"]
[EventDate "2008.03.21"]
[EventType "swiss"]
[EventRounds "6"]
[EventCountry "CAN"]

1. e4 e5 2. Nf3 d6 3. Bc4 a6 4. d3 Nf6 5. Nc3 Bg4 6. Nd5 Nc6 7. c3 Na5 8. Ne3 c6 9. Nxg4 Nxg4 10. Bxf7+ Kxf7 11. Ng5+ Kg8 12. Qxg4 Qc8 13. Qxc8 Rxc8 14. b4 h6 15. Nf3 b5 16. bxa5 g5 17. h3 Rb8 18. Ba3 c5 19. Rb1 Rh7 20. O-O Rhb7 21. Nd2 b4 22. Bb2 h5 23. cxb4 cxb4 24. Nc4 g4 25. h4 b3 26. axb3 Rxb3 27. Nb6 Rb7 28. Rfc1 Rb5 29. Bc3 g3 30. Rxb5 gxf2+ 31. Kxf2 axb5 32. Bd2 b4 33. Bxb4 Rf7+ 34. Kg1 Bh6 35. Nd5 Bxc1 36. Bxd6 Bd2 37. Bxe5 Bxa5 38. Nf6+ Kf8 39. Nxh5 Be1 40. Nf4 Bxh4 41. Ng6+ Ke8 42. Nxh4 Rd7 43. d4 Re7 44. Nf5 Ra7 45. Bd6 Kf7 46. Bc5 Ra8 47. e5 Ke6 48. Ne3 Kf7 49. d5 Ra5 50. e6+ Ke8 51. Bd6 Ra6 52. Nf5 Ra1+ 53. Kh2 Rd1 54. Ng7+ Kd8 55. e7+ Kc8 56. e8=Q+ Kb7 57. Qc6+ 1-0